Statistics for Biggest Names to Come From WWE Tough Enough and Diva Search

Click here to take the quiz!

General Stats

  • This quiz has been taken 11 times
  • The average score is 8 of 23

Answer Stats

HintAnswer% Correct
Diva Search 4Eve Torres
63%
Season 4The Miz
63%
Diva Search 3Layla
50%
Season 6Mandy Rose
50%
Diva Search 3Maryse
50%
Season 1Maven
50%
Diva Search 2Ashley Massaro
38%
Diva Search 1Christy Hemme
38%
Season 3John Morrison
38%
Season 3Melina
38%
Diva Search 1Michelle McCool
38%
Season 1Nidia
38%
Season 4Ryback
38%
Season 6Chelsea Green
25%
Season 1Josh Matthews
25%
Diva Search 1Joy Giovanni
25%
Diva Search 1Maria Kanellis
25%
Season 2Matt Morgan
25%
Diva Search 6Alexa Bliss
13%
Diva Search 1Candice Michelle
13%
Diva Search 6Eva Marie
13%
Diva Search 6Lana
13%
Season 6Sara Lee
13%

Score Distribution

Percentile by Number Answered

Percent of People with Each Score

Your Score History

You have not taken this quiz